[Event "IMSA Blitz Women 2019"]
[Site "Hengshui"]
[Date "2019.05.17"]
[Round "6.1"]
[White "Krush, Irina"]
[Black "Paehtz, Elisabeth"]
[Result "0-1"]
[WhiteElo "2422"]
[BlackElo "2470"]
[Annotator "RC"]
[PlyCount "296"]
[EventDate "2019.05.17"]
[EventType "blitz"]
[EventCountry "CHN"]
[SourceTitle "playchess.com"]
[Source "ChessBase"]
[SourceQuality "1"]
[TimeControl "180+2"]

1. d4 {[%emt 0:00:00]} e6 {[%emt 0:00:00]} 2. c4 {[%emt 0:00:01]} b6 {[%emt 0:00:00]} 3. Nf3 {[%emt 0:00:01]} Bb7 {[%emt 0:00:01]} 4. g3 {[%emt 0:00:02]} Bb4+ {[%emt 0:00:01]} 5. Bd2 {[%emt 0:00:05]} Bxf3 {[%emt 0:00:02]} 6. exf3 {[%emt 0:00:02]} Bxd2+ {[%emt 0:00:02]} 7. Qxd2 {[%emt 0:00:07]} d5 {[%emt 0:00:05]} 8. Nc3 {[%emt 0:00:10]} Ne7 {[%emt 0:00:05]} 9. f4 {[%emt 0:00:04]} c6 {[%emt 0:00:04]} 10. Bd3 {[%emt 0:00:25]} Nd7 {[%emt 0:00:13]} 11. O-O {[%emt 0:00:03]} dxc4 {[%emt 0:00:11]} 12. Bxc4 {[%emt 0:00:02]} Nf6 {[%emt 0:00:02]} 13. Rfd1 {[%emt 0:00:18]} O-O {[%emt 0:00:03]} 14. Be2 {[%emt 0:00:04]} Qd6 {[%emt 0:00:03]} 15. Bf3 {[%emt 0:00:06]} Rfd8 {[%emt 0:00:04]} 16. Ne4 {[%emt 0:00:09]} Nxe4 {[%emt 0:00:01]} 17. Bxe4 {[%emt 0:00:01]} Rac8 {[%emt 0:00:05]} 18. Qe2 {[%emt 0:00:11]} g6 {[%emt 0:00:09]} 19. Rac1 {[%emt 0:00:02]} Qb4 {[%emt 0:00:03]} 20. a3 {[%emt 0:00:04]} Qd6 {[%emt 0:00:14]} 21. h4 {[%emt 0:00:10]} h5 {[%emt 0:00:03]} 22. b4 {[%emt 0:00:06]} Rc7 {[%emt 0:00:09]} 23. Kg2 {[%emt 0:00:17]} Nd5 {[%emt 0:00:02]} 24. Bf3 {[%emt 0:00:29]} Qe7 {[%emt 0:00:25]} 25. Qe5 {[%emt 0:00:03]} Rd6 {[%emt 0:00:06]} 26. Rd2 {[%emt 0:00:06]} Qd7 {[%emt 0:00:15]} 27. Rdc2 {[%emt 0:00:04]} Ne7 {[%emt 0:00:02]} 28. b5 {[%emt 0:00:03]} Rxd4 {[%emt 0:00:07]} 29. bxc6 {[%emt 0:00:01]} Qd6 {[%emt 0:00:02]} 30. Qf6 {[%emt 0:00:17]} Nf5 {[%emt 0:00:18]} 31. Kg1 {[%emt 0:00:13]} Qe7 {[%emt 0:00:13]} 32. Qe5 {[%emt 0:00:03]} Qd6 {[%emt 0:00:01]} 33. Qf6 {[%emt 0:00:00]} Qxa3 {[%emt 0:00:12]} 34. Kg2 {[%emt 0:00:13]} Qd6 {[%emt 0:00:01]} 35. Qg5 {[%emt 0:00:02]} Qe7 {[%emt 0:00:04]} 36. Ra1 {[%emt 0:00:04]} Qxg5 {[%emt 0:00:02]} 37. hxg5 {[%emt 0:00:01]} Rb4 {[%emt 0:00:06]} 38. Rd2 {[%emt 0:00:03]} Nd4 {[%emt 0:00:04]} 39. Rc1 {[%emt 0:00:02]} a5 {[%emt 0:00:04]} 40. Be4 {[%emt 0:00:02]} Kg7 {[%emt 0:00:12]} 41. Rcd1 {[%emt 0:00:02]} Nb3 {[%emt 0:00:03]} 42. Rd7 {[%emt 0:00:01]} Rc8 {[%emt 0:00:04]} 43. Bf3 {[%emt 0:00:02]} Rc4 {[%emt 0:00:05]} 44. Rb7 {[%emt 0:00:02]} Nd4 {[%emt 0:00:07]} 45. Rxb6 {[%emt 0:00:04]} Nxf3 {[%emt 0:00:01]} 46. Kxf3 {[%emt 0:00:01]} R8xc6 {[%emt 0:00:01]} 47. Rb7 {[%emt 0:00:01]} Rc7 {[%emt 0:00:01]} 48. Rd7 {[%emt 0:00:01]} Rxb7 {[%emt 0:00:01]} 49. Rxb7 {[%emt 0:00:01]} Ra4 {[%emt 0:00:04]} 50. Ra7 {[%emt 0:00:01]} Ra3+ {[%emt 0:00:01]} 51. Kg2 {[%emt 0:00:05]} Ra1 {[%emt 0:00:01]} 52. Kf3 {[%emt 0:00:02]} a4 {[%emt 0:00:01]} 53. Kg2 {[%emt 0:00:00]} a3 {[%emt 0:00:00]} 54. Kf3 {[%emt 0:00:01]} Kf8 {[%emt 0:00:02]} 55. Kg2 {[%emt 0:00:02]} Ke8 {[%emt 0:00:01]} 56. Kf3 {[%emt 0:00:01]} a2 {[%emt 0:00:02]} 57. Kg2 {[%emt 0:00:01]} Kd8 {[%emt 0:00:01]} 58. Kf3 {[%emt 0:00:03]} Kc8 {[%emt 0:00:01]} 59. Kg2 Kb8 60. Ra3 {[%emt 0:00:02]} Kc7 {[%emt 0:00:01]} 61. Ra7+ {[%emt 0:00:01]} Kd6 {[%emt 0:00:01]} 62. Ra6+ {[%emt 0:00:01]} Kd5 {[%emt 0:00:01]} 63. Ra5+ {[%emt 0:00:01]} Kd4 {[%emt 0:00:04]} 64. Ra4+ {[%emt 0:00:01]} Kc3 {[%emt 0:00:01]} 65. Ra8 {[%emt 0:00:01]} Kd4 {[%emt 0:00:11]} 66. Ra4+ {[%emt 0:00:02]} Kc5 {[%emt 0:00:01]} 67. Ra8 {[%emt 0:00:01]} e5 {[%emt 0:00:03]} 68. fxe5 {[%emt 0:00:02]} Kd4 {[%emt 0:00:04]} 69. Ra5 {[%emt 0:00:02]} Ke4 {[%emt 0:00:02]} 70. Ra3 {[%emt 0:00:13]} Kxe5 {[%emt 0:00:02]} 71. Ra7 {[%emt 0:00:02]} Ke6 {[%emt 0:00:01]} 72. Ra5 {[%emt 0:00:02]} Kd6 {[%emt 0:00:03]} 73. Kf3 {[%emt 0:00:01]} Ke6 {[%emt 0:00:02]} 74. Kg2 {[%emt 0:00:02]} Ke7 {[%emt 0:00:01]} 75. Kf3 {[%emt 0:00:01]} Kf8 {[%emt 0:00:02]} 76. Kg2 {[%emt 0:00:01]} Kg7 {[%emt 0:00:01]} 77. Kf3 {[%emt 0:00:01]} Kf8 {[%emt 0:00:04]} 78. Kg2 {[%emt 0:00:01]} Ke8 {[%emt 0:00:00]} 79. Ra7 {[%emt 0:00:01]} Kd8 {[%emt 0:00:02]} 80. Kf3 {[%emt 0:00:01]} Kc8 {[%emt 0:00:00]} 81. Kg2 {[%emt 0:00:00]} Kb8 {[%emt 0:00:01]} 82. Ra3 {[%emt 0:00:01]} Kb7 {[%emt 0:00:01]} 83. Kf3 {[%emt 0:00:01]} Kc6 {[%emt 0:00:00]} 84. Kg2 {[%emt 0:00:02]} Kd5 {[%emt 0:00:01]} 85. Ra4 {[%emt 0:00:03]} Ke5 {[%emt 0:00:08]} 86. Kf3 {[%emt 0:00:01]} Ke6 {[%emt 0:00:10]} 87. Ra5 {[%emt 0:00:02]} Kd6 {[%emt 0:00:01]} 88. Kg2 {[%emt 0:00:02]} Kc6 {[%emt 0:00:00]} 89. Kf3 {[%emt 0:00:01]} Kb6 {[%emt 0:00:00]} 90. Ra8 {[%emt 0:00:01]} Kb7 {[%emt 0:00:01]} 91. Ra3 {[%emt 0:00:01]} Kc6 {[%emt 0:00:00]} 92. Ra6+ {[%emt 0:00:04]} Kd5 {[%emt 0:00:01]} 93. Ra5+ {[%emt 0:00:01]} Ke6 {[%emt 0:00:01]} 94. Kg2 {[%emt 0:00:02]} Kd6 {[%emt 0:00:01]} 95. Kf3 {[%emt 0:00:02]} Ke7 {[%emt 0:00:08]} 96. Ra6 {[%emt 0:00:02]} Rd1 {[%emt 0:00:06]} 97. Rxa2 {[%emt 0:00:03]} Rd5 {[%emt 0:00:01]} 98. Ra7+ {[%emt 0:00:07]} Kf8 {[%emt 0:00:01]} 99. Rb7 {[%emt 0:00:06]} Rxg5 {[%emt 0:00:03]} 100. Ra7 {[%emt 0:00:01]} Kg7 {[%emt 0:00:01]} 101. Rb7 {[%emt 0:00:01]} Rf5+ {[%emt 0:00:00]} 102. Kg2 {[%emt 0:00:01]} Kf6 {[%emt 0:00:02]} 103. Ra7 {[%emt 0:00:01]} Rd5 {[%emt 0:00:01]} 104. Rb7 {[%emt 0:00:03]} Rd6 {[%emt 0:00:02]} 105. Ra7 {[%emt 0:00:01]} Re6 {[%emt 0:00:01]} 106. Rb7 {[%emt 0:00:01]} Kg7 {[%emt 0:00:01]} 107. Ra7 {[%emt 0:00:00]} Rf6 {[%emt 0:00:01]} 108. Rb7 {[%emt 0:00:01]} Rf5 {[%emt 0:00:01]} 109. Ra7 {[%emt 0:00:00]} Rg5 {[%emt 0:00:01]} 110. Kf3 {[%emt 0:00:02]} Re5 {[%emt 0:00:02]} 111. Rb7 {[%emt 0:00:02]} Rf5+ {[%emt 0:00:02]} 112. Kg2 {[%emt 0:00:01]} Kh6 {[%emt 0:00:01]} 113. Ra7 {[%emt 0:00:00]} f6 {[%emt 0:00:01]} 114. Ra4 {[%emt 0:00:05]} Rc5 {[%emt 0:00:02]} 115. Rb4 {[%emt 0:00:01]} Kg5 {[%emt 0:00:01]} 116. Ra4 {[%emt 0:00:00]} Kf5 {[%emt 0:00:02]} 117. Rf4+ {[%emt 0:00:04]} Ke5 {[%emt 0:00:02]} 118. Ra4 {[%emt 0:00:01]} g5 {[%emt 0:00:01]} 119. Rb4 {[%emt 0:00:02]} Kf5 {[%emt 0:00:01]} 120. Ra4 {[%emt 0:00:01]} Kg6 {[%emt 0:00:01]} 121. Rb4 {[%emt 0:00:01]} Rc6 {[%emt 0:00:01]} 122. Ra4 {[%emt 0:00:00]} Rd6 {[%emt 0:00:01]} 123. Rb4 {[%emt 0:00:01]} Re6 {[%emt 0:00:00]} 124. Ra4 {[%emt 0:00:01]} f5 {[%emt 0:00:02]} 125. Rb4 {[%emt 0:00:02]} Rf6 {[%emt 0:00:09]} 126. Kf3 {[%emt 0:00:03]} Rd6 {[%emt 0:00:05]} 127. Ra4 {[%emt 0:00:01]} Rd3+ {[%emt 0:00:05]} 128. Kg2 {[%emt 0:00:02]} g4 {[%emt 0:00:00]} 129. Ra8 {[%emt 0:00:02]} f4 {[%emt 0:00:05]} 130. gxf4 {[%emt 0:00:04]} Rf3 {[%emt 0:00:01]} 131. Rg8+ {[%emt 0:00:04]} Kh7 {[%emt 0:00:04]} 132. Rg5 {[%emt 0:00:14]} Kh6 {[%emt 0:00:01]} 133. Rf5 {[%emt 0:00:02]} h4 {[%emt 0:00:03]} 134. Kg1 {[%emt 0:00:06]} h3 {[%emt 0:00:06]} 135. Rf8 {[%emt 0:00:04]} Kg7 {[%emt 0:00:03]} 136. Rf5 {[%emt 0:00:02]} Kh6 {[%emt 0:00:03]} 137. Rf8 {[%emt 0:00:01]} Rc3 {[%emt 0:00:03]} 138. Rg8 {[%emt 0:00:02]} Kh5 {[%emt 0:00:01]} 139. Rh8+ {[%emt 0:00:02]} Kg6 {[%emt 0:00:01]} 140. Rf8 {[%emt 0:00:04]} Rc4 {[%emt 0:00:04]} 141. Kh2 {[%emt 0:00:03]} Rc3 {[%emt 0:00:02]} 142. Rg8+ {[%emt 0:00:02]} Kf5 {[%emt 0:00:01]} 143. Rf8+ Ke4 144. f5 {[%emt 0:00:02]} Kf3 {[%emt 0:00:02]} 145. f6 {[%emt 0:00:02]} Rc2 {[%emt 0:00:04]} 146. f7 {[%emt 0:00:02]} Rxf2+ {[%emt 0:00:01]} 147. Kg1 {[%emt 0:00:00]} h2+ {[%emt 0:00:03]} 148. Kh1 {[%emt 0:00:01]} Kg3 {[%emt 0:00:01]} 0-1

[Event "IMSA Blitz Women 2019"]
[Site "Hengshui"]
[Date "2019.05.17"]
[Round "6.2"]
[White "Muzychuk, Mariya"]
[Black "Ushenina, Anna"]
[Result "1/2-1/2"]
[WhiteElo "2563"]
[BlackElo "2442"]
[Annotator "TA"]
[PlyCount "97"]
[EventDate "2019.05.17"]
[EventType "blitz"]
[EventCountry "CHN"]
[SourceTitle "playchess.com"]
[Source "ChessBase"]
[SourceQuality "1"]

{[%evp 23,97,0,0,0,0,-33,-4,-29,0,0,0,0,10,0,20,11,10,14,6,7,22,0,30,31,43,0,23,-23,68,-93,62,62,62,62,65,32,94,32,32,31,59,59,59,59,162,155,346,236,236,229,194,77,103,80,162,125,162,86,86,86,86,0,86,86,86,86,86,86,86,0,86,0,86,0,86,0]} 1. e4 c6 2. d4 d5 3. Nc3 dxe4 4. Nxe4 Bf5 5. Ng3 Bg6 6. h4 h6 7. Nf3 Nf6 8. h5 Bh7 9. Bd3 Bxd3 10. Qxd3 e6 11. Bf4 Qa5+ 12. c3 Nbd7 13. Ne5 {B19: Classical Caro-Kann: 4...Bf5 main line} Be7 (13... Nd5 14. Bd2 Nxe5 15. dxe5 Rd8 16. Qe2 Qb5 17. Qxb5 cxb5 18. a4 b4 19. Ne4 bxc3 20. bxc3 Be7 {½-½ (41) Makolli,P (2333)-Postny,E (2569) Antalya 2017}) 14. Ne4 Qd5 $146 ({Predecessor:} 14... Nxe4 15. Qxe4 Qd5 16. Qd3 Qxg2 17. O-O-O Bg5 18. Qe3 Bxf4 19. Qxf4 Nxe5 20. dxe5 Qg5 21. Qxg5 hxg5 {½-½ (60) Scattergood,B (2006)-Towers,N (1817) England 2015}) 15. f3 {The position is equal.} Nxe5 16. Bxe5 O-O-O {With the idea ...Qxe5!} 17. Qe3 Rhg8 18. Kf2 Qxe4 19. fxe4 Ng4+ {[%mdl 64] Double Attack} 20. Ke2 Nxe3 21. Kxe3 f6 22. Bf4 c5 23. Rad1 Rd7 24. Rd2 Rgd8 25. Rhd1 b6 (25... e5 $1 $11 26. Bg3 cxd4+ 27. cxd4 Rxd4 {[%mdl 64] Remove Defender} 28. Rxd4 Rxd4 29. Rxd4 Bc5 {[%mdl 64] Pin}) 26. g4 $2 (26. d5 $14 {stays ahead.}) 26... Kb7 $2 ({Better is} 26... e5 $17 27. Bg3 cxd4+ 28. cxd4 Rxd4 29. Rxd4 Bc5 {[%mdl 64] Pin}) 27. d5 $14 e5 28. Bg3 c4 29. Ke2 Bc5 (29... a5 $14) 30. Bf2 (30. b3 $16) 30... Bxf2 31. Kxf2 {[%mdl 4096] Endgame KRR-KRR} Kc7 32. b4 Ra8 33. a4 a5 (33... a6 $14) 34. Rb2 $18 Kd6 $2 (34... b5 $16) 35. Rdb1 Ke7 36. bxa5 Rxa5 37. Rxb6 (37. Rb4 $1 $18 {is the precise move to win.}) 37... Rxa4 $16 38. R1b4 (38. Re6+ {seems wilder.} Kf7 39. Rc6 Rda7 40. Kg3 Ra2 41. Rb8) 38... Rxb4 (38... Ra2+ $16 {is a better defense.} 39. Kg3 Re2) 39. Rxb4 {KR-KR} Rc7 40. Ke3 (40. Rb6 $1 $18 {Hoping for d6+.} Kd7 41. Kg3) 40... Kd6 41. Kd2 Kc5 {[#]} 42. Kc2 (42. Ra4 $1 $16) 42... Ra7 {[#]} (42... g6 $1 $11 {remains equal.}) 43. Kb2 $1 Rc7 44. Rb8 Ra7 45. Rc8+ Kb5 46. Rb8+ Kc5 47. Rc8+ Kb5 48. Rb8+ Kc5 49. Rc8+ {Accuracy: White = 41%, Black = 32%.} (49. Rf8 $16) 1/2-1/2

[Event "IMSA Blitz Women 2019"]
[Site "Hengshui"]
[Date "2019.05.17"]
[Round "6.2"]
[White "Koneru, Humpy"]
[Black "Lei, Tingjie"]
[Result "1-0"]
[WhiteElo "2553"]
[BlackElo "2507"]
[Annotator "TA"]
[PlyCount "51"]
[EventDate "2019.05.17"]
[EventType "blitz"]
[EventCountry "CHN"]
[SourceTitle "playchess.com"]
[Source "ChessBase"]
[SourceQuality "1"]

{[%evp 20,51,0,0,8,16,36,0,0,0,0,0,0,0,4,1,4,0,287,268,296,82,81,73,75,70,121,0,0,0,287,287,884,891]} 1. d4 Nf6 2. c4 g6 3. g3 c6 4. Bg2 d5 5. cxd5 cxd5 6. Nf3 Bg7 7. O-O O-O 8. Nc3 b6 9. Bf4 Bb7 10. Rc1 Nc6 11. Ne5 Rc8 {D79: Fianchetto Grünfeld: Symmetrical Variation (6 0-0 c6 7 cxd5 cxd5)} 12. Qd2 e6 13. Nb5 $146 (13. Bg5 {looks sharper.} Qe8 14. Nb5 Nxe5 15. dxe5 Rxc1 16. Rxc1 Ne4 17. Bxe4 Qxb5 18. Bd3) ({Predecessor:} 13. Rc2 Nxe5 14. Bxe5 Ne8 15. Bxg7 Kxg7 16. Rfc1 Nd6 17. b3 Qf6 18. e3 Ba6 19. a4 {½-½ (47) Wojtaszek,R (2727)-Carlsen,M (2839) Porto Carras 2018}) 13... Ne4 {The position is equal.} 14. Bxe4 dxe4 15. Nxc6 Rxc6 16. Rxc6 Bxc6 17. Nxa7 Bb7 18. Nb5 h6 $2 {[%mdl 8192] [#]} (18... Bc6 $11 19. Qb4 Bxb5 20. Qxb5 Bxd4) 19. Bd6 $1 $18 (19. Bxh6 $2 e3 $17) 19... Re8 20. Qb4 $2 (20. Nc7 $18 {and the rest is easy.}) 20... Qd7 $16 21. Rc1 {aiming for Rc7.} Bc6 22. a4 $36 {[%mdl 2048] White fights for an advantage.} e3 (22... Ra8 $1 $14) 23. f3 (23. fxe3 $16 {Strongly threatening Na7!} Rd8 24. Bc7) 23... Rd8 $11 24. Bc7 {[#] Hoping for Rxc6.} Bf8 $2 {[%mdl 8192]} (24... Bxb5 $11 {and Black has nothing to worry.} 25. Bxd8 (25. Qxb5 Qxb5 26. axb5 Rd5 $11) 25... Bxe2 26. Bxb6 Qd5 27. Rc8+ Kh7) 25. Qc3 $18 Rc8 $2 (25... Bxb5 26. Bxd8 (26. axb5 Rc8 $17) 26... Bxe2) 26. Qxc6 {Accuracy: White = 27%, Black = 51%.} 1-0

[Event "IMSA Blitz Women 2019"]
[Site "Hengshui"]
[Date "2019.05.17"]
[Round "6.2"]
[White "Gunina, Valentina"]
[Black "Dzagnidze, Nana"]
[Result "1-0"]
[WhiteElo "2506"]
[BlackElo "2510"]
[Annotator "TA"]
[PlyCount "77"]
[EventDate "2019.05.17"]
[EventType "blitz"]
[EventCountry "CHN"]
[SourceTitle "playchess.com"]
[Source "ChessBase"]
[SourceQuality "1"]

{[%evp 15,76,43,51,27,57,6,41,33,46,0,20,16,30,19,89,91,90,4,68,31,27,-3,35,35,44,43,39,59,66,81,89,74,81,0,89,85,84,56,109,108,113,112,117,29,113,93,132,132,141,105,108,92,1213,1174,29990,29991,29991,29992,29996,29997,29998,29999,29999]} 1. e4 e6 2. d4 d5 3. Nd2 c5 4. Ngf3 Nc6 5. exd5 exd5 6. Bb5 Bd6 7. dxc5 Bxc5 8. O-O Nf6 9. Nb3 {C08: French Tarrasch: 3...c5 4 exd5 exd5 sidelines} Bb6 10. Re1+ (10. Qe2+ $1 $14 Ne4 11. c4) 10... Be6 (10... Ne4 $5 {[%cal Rb6f2]} 11. Be3 O-O $11) 11. Nbd4 {White is slightly better.} O-O 12. Bg5 $146 ({But not} 12. Nxe6 fxe6 13. Bxc6 bxc6 $15) ({Predecessor:} 12. Bxc6 bxc6 13. Nxc6 Qd6 14. Nce5 Ng4 15. Nxg4 Bxg4 16. Qd3 Rae8 {0-1 (37) Prusikin,M (2519)-Miezis,N (2498) Morso 2002}) 12... Bd7 13. Bxc6 bxc6 14. Ne5 {Black must now prevent Bxf6.} Rc8 (14... Re8 $11) 15. Re3 $16 Re8 16. Qd2 (16. c3 $16) 16... c5 (16... h6 $11 17. Bxf6 Qxf6) 17. Nxd7 (17. Bxf6 $5 Qxf6 18. Nxd7 Qxd4 19. Rxe8+ Rxe8 20. Qxd4 cxd4 21. Nxb6 axb6 22. Kf1 $14) 17... Qxd7 18. Rxe8+ (18. Bxf6 {looks sharper.} Rxe3 19. Qxe3 gxf6 20. Ne2 Re8 21. Qg3+) 18... Rxe8 19. Bxf6 $1 gxf6 20. Nf3 Qf5 21. Rd1 c4 22. c3 Rd8 23. Qe2 Qe6 24. Qd2 Qf5 $1 25. h3 Kg7 26. Nd4 (26. Qe2 {is more complex.} Kf8 27. Kf1 Re8 28. Qd2 Rd8 29. Nd4) 26... Qg5 (26... Bxd4 $1 $14 27. Qxd4 Rb8) 27. Qe2 Bxd4 28. Rxd4 {[%mdl 4096] Endgame KQR-KQR} h5 29. Qf3 ({Better is} 29. Qd1 $16) 29... Qe5 (29... Qc1+ $11 {remains equal.} 30. Kh2 Qxb2) 30. g3 Rd6 31. Kg2 a6 32. Rh4 Kg6 33. g4 Qg5 $2 {[%mdl 8192] [#]} (33... hxg4 $16 34. Rxg4+ Kh6) 34. Rxh5 $18 Qd2 35. Qf5+ {White mates.} Kg7 36. Rh7+ Kg8 37. Qh5 {[%csl Gh7][%cal Rh5f7]} Rd7 38. Rh8+ Kg7 39. Qh7# {Accuracy: White = 47%, Black = 29%.} 1-0

[Event "IMSA Blitz Women 2019"]
[Site "Hengshui"]
[Date "2019.05.17"]
[Round "6.2"]
[White "Harika, Dronavalli"]
[Black "Kosteniuk, Alexandra"]
[Result "1/2-1/2"]
[WhiteElo "2492"]
[BlackElo "2546"]
[Annotator "ChessBase"]
[PlyCount "84"]
[EventDate "2019.05.17"]
[EventType "blitz"]
[EventCountry "CHN"]
[SourceTitle "playchess.com"]
[Source "ChessBase"]
[SourceQuality "1"]
[TimeControl "180+2"]

1. f4 {[%emt 0:00:00]} d5 {[%emt 0:00:00]} 2. Nf3 {[%emt 0:00:01]} Nf6 {[%emt 0:00:01]} 3. g3 {[%emt 0:00:01]} g6 {[%emt 0:00:01]} 4. Bg2 {[%emt 0:00:01]} Bg7 {[%emt 0:00:00]} 5. O-O {[%emt 0:00:02]} O-O {[%emt 0:00:01]} 6. d3 {[%emt 0:00:02]} Nc6 {[%emt 0:00:02]} 7. e3 {[%emt 0:00:22]} Bf5 {[%emt 0:00:16]} 8. Nc3 {[%emt 0:00:03]} Qc8 {[%emt 0:00:02]} 9. Qe2 {[%emt 0:00:07]} Bh3 {[%emt 0:00:04]} 10. e4 {[%emt 0:00:05]} Bxg2 {[%emt 0:00:09]} 11. Kxg2 {[%emt 0:00:01]} d4 {[%emt 0:00:17]} 12. Nd1 {[%emt 0:00:02]} e6 {[%emt 0:00:11]} 13. Nf2 {[%emt 0:00:03]} Qd7 {[%emt 0:00:08]} 14. Bd2 {[%emt 0:00:03]} Ne8 {[%emt 0:00:15]} 15. e5 {[%emt 0:00:08]} f5 {[%emt 0:00:02]} 16. exf6 {[%emt 0:00:01]} Nxf6 {[%emt 0:00:02]} 17. Rae1 {[%emt 0:00:02]} Rae8 {[%emt 0:00:01]} 18. Ne4 {[%emt 0:00:05]} Qd5 {[%emt 0:00:07]} 19. a3 {[%emt 0:00:16]} e5 {[%emt 0:00:02]} 20. Nxf6+ {[%emt 0:00:01]} Bxf6 {[%emt 0:00:01]} 21. Qe4 {[%emt 0:00:01]} Qxe4 {[%emt 0:00:07]} 22. Rxe4 {[%emt 0:00:05]} exf4 {[%emt 0:00:01]} 23. Bxf4 {[%emt 0:00:08]} Rxe4 {[%emt 0:00:14]} 24. dxe4 {[%emt 0:00:00]} Re8 {[%emt 0:00:10]} 25. Re1 {[%emt 0:00:02]} Re7 {[%emt 0:00:16]} 26. e5 {[%emt 0:00:07]} Bg7 {[%emt 0:00:01]} 27. Re4 {[%emt 0:00:08]} h6 {[%emt 0:00:04]} 28. h4 {[%emt 0:00:04]} Rd7 {[%emt 0:00:10]} 29. b4 {[%emt 0:00:05]} a6 {[%emt 0:00:02]} 30. Bc1 {[%emt 0:00:20]} Rd5 {[%emt 0:00:11]} 31. e6 {[%emt 0:00:07]} Ne7 {[%emt 0:00:04]} 32. Bb2 {[%emt 0:00:23]} d3 {[%emt 0:00:01]} 33. Bxg7 {[%emt 0:00:02]} Kxg7 {[%emt 0:00:00]} 34. cxd3 {[%emt 0:00:03]} Rxd3 {[%emt 0:00:01]} 35. Rf4 {[%emt 0:00:04]} Nf5 {[%emt 0:00:09]} 36. g4 {[%emt 0:00:07]} Nd6 {[%emt 0:00:01]} 37. Kf2 {[%emt 0:00:14]} Rxa3 {[%emt 0:00:31]} 38. e7 {[%emt 0:00:09]} Ra2+ {[%emt 0:00:01]} 39. Kf1 {[%emt 0:00:02]} Ra1+ {[%emt 0:00:03]} 40. Kf2 {[%emt 0:00:05]} Ra2+ {[%emt 0:00:01]} 41. Kf1 {[%emt 0:00:02]} Ra1+ {[%emt 0:00:00]} 42. Kf2 {[%emt 0:00:01]} Ra2+ {[%emt 0:00:01]} 1/2-1/2

[Event "IMSA Blitz Women 2019"]
[Site "Hengshui"]
[Date "2019.05.17"]
[Round "6.2"]
[White "Zhao, Xue"]
[Black "Khotenashvili, Bela"]
[Result "0-1"]
[WhiteElo "2485"]
[BlackElo "2476"]
[Annotator "TA"]
[PlyCount "100"]
[EventDate "2019.05.17"]
[EventType "blitz"]
[EventCountry "CHN"]
[SourceTitle "playchess.com"]
[Source "ChessBase"]
[SourceQuality "1"]

{[%evp 9,100,59,65,38,41,41,57,40,47,42,54,58,110,102,135,95,112,112,98,111,135,149,160,138,183,170,182,129,240,166,204,4,0,0,0,-52,0,0,0,-9,27,16,19,23,15,-97,-45,-20,0,0,32,27,306,14,13,15,85,85,240,36,28,27,208,207,202,204,220,220,220,220,354,168,168,168,545,147,141,101,144,143,191,177,157,138,229,229,218,103,181,186,186,-938,-918]} 1. c4 g6 2. Nf3 Bg7 3. d4 c5 4. d5 d6 5. e4 e6 6. h3 {A40: Unusual replies to 1 d4} Ne7 7. Bd3 O-O 8. O-O {White is slightly better.} exd5 9. cxd5 a6 10. a4 {[%cal Ba2a4,Ba4a5][%mdl 32]} h6 (10... f5 $14) 11. Re1 Nd7 $146 ({Predecessor:} 11... g5 12. Nbd2 Nd7 {1-0 (81) Van Wely,L (2681)-Topalov,V (2780) Wijk aan Zee 2008}) 12. Na3 g5 13. Nc4 Nb6 14. Ne3 Rb8 15. a5 Nd7 16. Nc4 Nf6 17. Bd2 Ng6 18. Bc3 (18. Qc2 $18) 18... Re8 (18... g4 $16) 19. Rc1 Nf4 20. Bf1 $2 ({White should play} 20. b4 $18) 20... Nxe4 $11 21. Bxg7 Kxg7 {[#]} 22. b4 $1 {[%mdl 512]} Bf5 (22... Qf6 $15 23. bxc5 dxc5) (22... cxb4 23. Qd4+) 23. bxc5 dxc5 24. d6 Re6 25. g3 Nxh3+ 26. Bxh3 Bxh3 27. Qd5 (27. Nfe5 $1 $11 {was the only way to keep the balance.} Nxd6 28. Qh5) 27... Nf6 (27... Qf6 $17 28. Rxe4 Qxf3) 28. Qxc5 $15 Rxe1+ 29. Rxe1 Rc8 30. Qd4 Be6 $2 {[%mdl 8192]} (30... Rxc4 $1 $11 31. Qxc4 Qxd6) 31. Nb6 $2 ({White has to play} 31. Rxe6 $1 $18 {Hoping for Re7.} fxe6 32. Nfe5) 31... Rc6 $1 $11 {[%cal Rc6d6]} 32. d7 {[%mdl 64] Decoy} Bxd7 (32... Rxb6 $1 $11 {remains equal.} 33. axb6 Qxd7) 33. Ne5 $1 $16 {[%csl LRc6,LRd7][%mdl 64] Double Attack} Qe7 $2 (33... Rxb6 $16 34. axb6 Qc8) 34. Rd1 $2 (34. Nbxd7 $18 Rd6 35. Qc3) 34... Be8 $1 $14 {aiming for ...Re6.} 35. Nd5 $36 {[%mdl 2048] White has good play.} Nxd5 $2 (35... Qe6 $11 {and Black stays safe.} 36. Nxf6 (36. Nxc6 Bxc6 37. Nxf6 Qxf6 $14) 36... Qxf6) 36. Nxc6+ $18 Qf6 37. Qxf6+ ({Less strong is} 37. Qxd5 Bxc6 38. Qd4 h5 $11) 37... Nxf6 {[%mdl 4096] Endgame KRN-KBN} 38. Nd8 $1 Ne4 39. Nxb7 h5 (39... Bc6 $142) 40. Rc1 (40. Rd4 $142 f5 41. Nd6 Nxd6 42. Rxd6) 40... Bb5 41. Nc5 Nd6 $2 {[#]} (41... Nd2 42. Rd1 Nc4) 42. Rd1 $2 (42. Nxa6 $1 $18 {[%mdl 512] and the rest is easy.} Kf6 (42... Bxa6 43. Rc6) 43. Nb4) 42... Nc4 $16 43. Ra1 Kg6 44. Nb3 f6 45. Nd4 Bd7 46. Ra2 h4 (46... Kf7 $16 47. Rc2 Nxa5) 47. gxh4 $18 gxh4 48. Nf3 (48. Rc2 $18 {has better winning chances.} Nxa5 49. Kg2) 48... h3 (48... Kh5 $16 {was called for.}) 49. Kh2 Kf5 50. Ra4 $4 {[%mdl 8192]} ({Don't blunder} 50. Kxh3 $2 Kf4+ 51. Kg2 Bc6 $19) (50. Nd2 $18 Ne5 51. Kxh3) 50... Bxa4 {Accuracy: White = 38%, Black = 26%.} 0-1